<?xml version="1.0" encoding="UTF-8"?>
<record
    xmlns:xsi="http://www.w3.org/2001/XMLSchema-instance"
    xsi:schemaLocation="http://www.loc.gov/MARC21/slim http://www.loc.gov/standards/marcxml/schema/MARC21slim.xsd"
    xmlns="http://www.loc.gov/MARC21/slim">

  <leader>02188    a2200265   4500</leader>
  <controlfield tag="003">OSt</controlfield>
  <controlfield tag="005">20180116192356.0</controlfield>
  <controlfield tag="008">120612t        xxu||||| |||| 00| 0 eng d</controlfield>
  <datafield tag="020" ind1=" " ind2=" ">
    <subfield code="a">9781592534289 (paperback)</subfield>
  </datafield>
  <datafield tag="020" ind1=" " ind2=" ">
    <subfield code="a">9781592534289 (paperback)</subfield>
  </datafield>
  <datafield tag="040" ind1=" " ind2=" ">
    <subfield code="c">0</subfield>
  </datafield>
  <datafield tag="082" ind1="0" ind2="4">
    <subfield code="a">741.6</subfield>
  </datafield>
  <datafield tag="100" ind1="1" ind2=" ">
    <subfield code="a">Vilaseca, Estel.</subfield>
    <subfield code="9">4467</subfield>
  </datafield>
  <datafield tag="245" ind1="1" ind2="0">
    <subfield code="a">Cutting-edge :</subfield>
    <subfield code="b">patterns and textures.</subfield>
    <subfield code="c">Estel Vilaseca.</subfield>
  </datafield>
  <datafield tag="260" ind1=" " ind2=" ">
    <subfield code="a">Beverly, Mass :</subfield>
    <subfield code="b">Rockport Publishers,</subfield>
    <subfield code="c">2008.</subfield>
  </datafield>
  <datafield tag="300" ind1=" " ind2=" ">
    <subfield code="a">336 p. :</subfield>
    <subfield code="c">chiefly col. ill. ;</subfield>
    <subfield code="b">19 cm.</subfield>
  </datafield>
  <datafield tag="490" ind1="1" ind2=" ">
    <subfield code="a">Book &amp; cd rom.</subfield>
  </datafield>
  <datafield tag="500" ind1=" " ind2=" ">
    <subfield code="a">Includes index.</subfield>
  </datafield>
  <datafield tag="520" ind1=" " ind2=" ">
    <subfield code="a">113 unique and original patterns After a goldmine of cultural and subconscious information, the history of patterns parallels and informs the history of humanity. After decades of modern minimalism and clear lines, people are enjoying a return to more playful design, rich in colors and textures. Pattern-making and pattern design, in particular, has made a major comeback as a way to embellish a surface with their use often displaying unexpected depths. Indeed, we have witnessed a revival in enriched, traditional motifs, and seen them applied in thought-provoking ways, in an unlimited variety of designs and textures. The use of new computer technologies has brought about surprising, often intricate results, on an aesthetic as well as conceptual level. In the most recent years, counter reactions to that which is digital, are visible in the work of crafty designers who embrace illustration and a hand-made, do-it-yourself aesthetic, while taking full advantage of the versatility and speed computer programs can afford them. Cutting-Edge Patterns and Textures is a stimulating book featuring full-page, color images of inspired patterns and boasts an eclectic array of styles from all around the world. This book is destined to become a desktop reference for professional and amateur designers alike.</subfield>
  </datafield>
  <datafield tag="650" ind1="1" ind2="0">
    <subfield code="a">Commercial art.</subfield>
    <subfield code="9">4468</subfield>
  </datafield>
  <datafield tag="830" ind1=" " ind2="0">
    <subfield code="a">Book &amp; cd rom.</subfield>
    <subfield code="9">4469</subfield>
  </datafield>
  <datafield tag="856" ind1="4" ind2="0">
    <subfield code="3">Amazon.com</subfield>
    <subfield code="u">http://www.amazon.com/exec/obidos/ASIN/1592534287/chopaconline-20</subfield>
  </datafield>
  <datafield tag="942" ind1=" " ind2=" ">
    <subfield code="a">SADA</subfield>
    <subfield code="c">BK</subfield>
    <subfield code="k">741.6 VIL 2008</subfield>
    <subfield code="2">ddc</subfield>
  </datafield>
  <datafield tag="999" ind1=" " ind2=" ">
    <subfield code="c">353120</subfield>
    <subfield code="d">353120</subfield>
  </datafield>
  <datafield tag="952" ind1=" " ind2=" ">
    <subfield code="0">0</subfield>
    <subfield code="1">0</subfield>
    <subfield code="2">ddc</subfield>
    <subfield code="4">0</subfield>
    <subfield code="7">0</subfield>
    <subfield code="a">SADA</subfield>
    <subfield code="b">SADA</subfield>
    <subfield code="d">2011-06-07</subfield>
    <subfield code="l">0</subfield>
    <subfield code="o">741.6 VIL 2008</subfield>
    <subfield code="p">SADA0001287</subfield>
    <subfield code="r">2011-08-05</subfield>
    <subfield code="t">01</subfield>
    <subfield code="v">2418.00</subfield>
    <subfield code="w">2011-08-05</subfield>
    <subfield code="y">BK</subfield>
  </datafield>
  <datafield tag="952" ind1=" " ind2=" ">
    <subfield code="0">0</subfield>
    <subfield code="1">0</subfield>
    <subfield code="2">ddc</subfield>
    <subfield code="4">0</subfield>
    <subfield code="7">0</subfield>
    <subfield code="a">SADA</subfield>
    <subfield code="b">SADA</subfield>
    <subfield code="d">2011-06-07</subfield>
    <subfield code="l">0</subfield>
    <subfield code="o">741.6 VIL 2008</subfield>
    <subfield code="p">SADA0001288</subfield>
    <subfield code="r">2011-08-05</subfield>
    <subfield code="t">02</subfield>
    <subfield code="v">2418.00</subfield>
    <subfield code="w">2011-08-05</subfield>
    <subfield code="y">BK</subfield>
  </datafield>
  <datafield tag="952" ind1=" " ind2=" ">
    <subfield code="0">0</subfield>
    <subfield code="1">0</subfield>
    <subfield code="2">ddc</subfield>
    <subfield code="4">0</subfield>
    <subfield code="7">0</subfield>
    <subfield code="a">SADA</subfield>
    <subfield code="b">SADA</subfield>
    <subfield code="d">2011-09-14</subfield>
    <subfield code="l">0</subfield>
    <subfield code="o">CD 741.6 VIL 2008</subfield>
    <subfield code="p">SADA0001572</subfield>
    <subfield code="r">2017-01-05</subfield>
    <subfield code="t">01</subfield>
    <subfield code="w">2017-01-05</subfield>
    <subfield code="y">CDS</subfield>
  </datafield>
  <datafield tag="952" ind1=" " ind2=" ">
    <subfield code="0">0</subfield>
    <subfield code="1">0</subfield>
    <subfield code="2">ddc</subfield>
    <subfield code="4">0</subfield>
    <subfield code="7">0</subfield>
    <subfield code="a">SADA</subfield>
    <subfield code="b">SADA</subfield>
    <subfield code="d">2011-09-14</subfield>
    <subfield code="l">0</subfield>
    <subfield code="o">CD 741.6 VIL 2008</subfield>
    <subfield code="p">SADA0001573</subfield>
    <subfield code="r">2017-01-05</subfield>
    <subfield code="t">02</subfield>
    <subfield code="w">2017-01-05</subfield>
    <subfield code="y">CDS</subfield>
  </datafield>
</record>
